000 01761nam a22004457a 4500
003 CHAP
005 20220329143603.0
008 100726s2010 mx r 00010 spa d
010 _a98899
011 _a99871
035 _a110557
040 _cCHAP
090 _aTesis
100 1 _aArzabal Rojas, Juvenal
_97814
245 1 0 _aAnálisis de las oportunidades para dar valor agregado al fruto de guayaba (Psidium guajava L.) en la región de oriente del Estado de Michoacán
_c/por Juvenal Arzabal Rojas y Deysi Gómez Maldonado
260 _aChapingo, Méx. :
_bEl autor,
_c2010
300 _axiii, 151 h. :
_bilus., cuadros, gráfs., mapas
502 _aTesis (Ing. Agroindustrial) -- UACH. Departamento de Ingeniería Agroindustrial
530 _aTambién disponible en línea
590 _aALEPH
_b10
_c20130110
_lUCH01
_h1535
590 _aBATCH-UPD
_b10
_c20130110
_lUCH01
_h1157
590 _aBATCH-UPD
_b10
_c20130410
_lUCH01
_h0740
590 _aBATCH-UPD
_b10
_c20130914
_lUCH01
_h0416
590 _aBATCH-UPD
_b10
_c20140324
_lUCH01
_h1518
590 _aBATCH-UPD
_b10
_c20141002
_lUCH01
_h0844
590 _aBATCH
_b00
_c20181121
_lUCH01
_h0758
590 _aCONVERSION
_b10
_c20130109
_lUCH01
_h1355
650 1 4 _aGuayaba
_xMichoacán.
_951056
650 1 4 _aGuayaba
_xProcesado.
_951061
650 1 4 _aGuayaba
_xPropagación.
_951062
650 1 4 _aPsidium.
_992625
650 1 4 _aValor agregado.
_9117668
700 1 _aGómez Maldonado, Deysi.
_949793
856 _3Finding aid
_uhttp://10.13.5.2/tesis/110557.pdf
_zTeclea aqui
856 _a1
_n0000589
901 _aBK
942 _cFOLL
949 _aTesis
_bBC
_cTES
_d33724002177199
_eTS2
_fc.2
_gDonaciØn
_h50589
_i110557
_sb
949 _aTesis
_bBC
_cTES
_d33724002177231
_eTS1
_gDonaciØn
_h50858
_i110557
_sb
999 _c98899
_d98899